Armando Donoso y su tiempo: 1886 - 1946
Guardat en:
| Autor principal: | |
|---|---|
| Format: | Llibre |
| Idioma: | espanyol |
| Publicat: |
Santiago
Nascimento
1969
|
| Matèries: | |
| Etiquetes: |
Afegir etiqueta
Sense etiquetes, Sigues el primer a etiquetar aquest registre!
|
MARC
| LEADER | 00000cam a2200000 a 4500 | ||
|---|---|---|---|
| 001 | UCZ4965 | ||
| 003 | CL-VaPUC | ||
| 008 | 951115e19690000CL |||||||||||||||||spa|d | ||
| 082 | 0 | 4 | |a 928 |b FEL |2 21 |
| 100 | |a Feliú Cruz, Guillermo |e author |9 375429 | ||
| 245 | 1 | 0 | |a Armando Donoso y su tiempo: 1886 - 1946 |
| 300 | |a 246 p | ||
| 942 | |c BK | ||
| 945 | |d 19951115 00:00:00 |a rleighto | ||
| 260 | |a Santiago |b Nascimento |c 1969 | ||
| 600 | 0 | 7 | |a DONOSO, ARMANDO |2 CL-VaPUC |9 348932 |
| 650 | 0 | |a Biografías |9 255210 | |
| 650 | 0 | |a Literatura chilena |9 308278 | |
| 583 | |a last modification |c 20140814 11:44:11 |k Rodrigo Vera | ||
| 999 | |c 241305 |d 241303 | ||
| 952 | |0 0 |1 0 |4 0 |6 928_000000000000000_FEL_1969 |7 0 |8 A |9 253599 |a BIBEDU |b BIBEDU |d 2019-11-19 |i 3149846 |o 928 FEL 1969 |p 3149846 |r 2019-11-19 |w 2019-11-19 |y BK |k LIT | ||
| 952 | |0 0 |1 0 |3 erb |4 0 |6 928_000000000000000_FEL_1969 |7 0 |8 A |9 253600 |a BIBEDU |b BIBEDU |i 5006953 |o 928 FEL 1969 |p 5006953 |r 2019-11-19 |w 2019-11-19 |y BK |z Catalogado en:20140814 |k LIT | ||